• 首页
  • 本馆介绍
  • 公告通知
  • 最新文献
  • 馆藏检索
  • 电子资源
  • 读者导购
  • 参考咨询
  • 我的图书馆
  • 登录
  • 详细信息显示
  • 放入我的书架
  • 预约/预借图书
  • 作者相关作品
  • 分类相关作品
  • 丛书相关作品
  • 出版社相关作品

书目信息

  • 表格格式
  • 工作单格式
  • 卡片格式
题名:
焊工培训教材
    
 
作者: ;《焊工培训教材》编写组 编
分册:  
出版信息: 北京   电力工业出版社  1980
页数: 356页
开本: 19cm
丛书名:
单 册:
中图分类: TG4
科图分类:
主题词: 焊接 , 切割 , 焊接工艺--技术教育--教材 , 金属--粘接
电子资源:
ISBN:
000 00742nam0 2200253 45
001 0180006694
005 20060512103308.82
010    @dCNY1.00
091    @a15036.4157
100    @a19960215d1980 em y0chiy0121 ea
101 0  @achi
102    @aCN@b110000
105    @ay z 000yy
200 10 @a焊工培训教材@Ahan gong pei xun jiao cai@f《焊工培训教材》编写组编@F《han gong pei xun jiao cai》bian xie zu bian
210    @a北京@c电力工业出版社@d1980
215    @a356页@d19cm
606 0  @a焊接
606 0  @a切割
606    @a焊接工艺@x技术教育@x教材
606 0  @a金属@x粘接
690    @aTG4
711  0 @a《焊工培训教材》编写组@A《han gong pei xun jiao cai》bian xie zu@4编
801  0 @aCN@bNLC@c20060512
905    @f1@b39855@dTG4@e9
    
    焊工培训教材/《焊工培训教材》编写组编.-北京:电力工业出版社,1980
    356页;19cm
    
    
    ISBN :CNY1.00
    
●
相关链接 在E读中查询图书 在五车中查询图书 在当当中查询图书 在豆瓣中查询图书


正题名:焊工培训教材     索取号:TG4/9         预约/预借

序号 登录号 条形码 馆藏地/架位号 状态 备注
1 0039430   202323173   密集书库/ [索取号:TG4/9] 在馆    
2 0039431   202323208   密集书库/ [索取号:TG4/9] 在馆    
3 0039855   001362457   第二样本阅览室/ [索取号:TG4/9] 在馆    
4 0039856   001362493   密集书库/ [索取号:TG4/9] 在馆    
唐山师范学院图书馆 欢迎您!
大连网信软件有限公司© 版权所有